| 000 | 00695nam a22002057a 4500 | ||
|---|---|---|---|
| 999 |
_c19701 _d19701 |
||
| 003 | AR-CdUCM | ||
| 008 | 190520b ||||| |||| 00| 0 spa d | ||
| 040 |
_aMUNICIPALIDAD PROVINCIAL DEL CUSCO _cBIBLIOTECA MUNICIPAL DEL CUSCO |
||
| 082 |
_a465 / _bR31 |
||
| 110 |
_aReal academia Española _918572 |
||
| 245 | _aEsbozo de una nueva gramática de la lengua española / | ||
| 260 |
_aMadrid : _bEspasa- Calpe, _c1975. |
||
| 300 |
_a589 páginas / _c24 cm. |
||
| 505 | _aContenido : Clases de sonidos -- Fonemas -- Fonología sintáctica -- Ortografía.. | ||
| 650 |
_aFonología _910735 |
||
| 650 |
_aMorfología _915689 |
||
| 650 |
_aSintaxis _910821 |
||
| 942 |
_2ddc _cLIBROS |
||
| 945 | _arcc | ||